| 000 | 01145nam a2200277Ia 4500 | ||
|---|---|---|---|
| 999 |
_c5387 _d5387 |
||
| 003 | OSt | ||
| 005 | 20200612221956.0 | ||
| 008 | 191128s2001 ck fr 000 0 spa d | ||
| 020 | _a9586823466 | ||
| 040 |
_aCO-JCMR _cCO-JCMR |
||
| 041 | 0 | _aspa | |
| 082 | 0 | 4 |
_a330.023 / _bC418e _223 |
| 100 | 1 |
_aClavijo, Sergio, _eautor _94751 |
|
| 245 | 1 | 0 |
_aEconomía : _bentre la ciencia y el poder / _cSergio Clavijo |
| 250 | _aPrimera edición | ||
| 260 |
_aBogotá : _bAlfaomega, _c2001 |
||
| 300 |
_a45 páginas ; _c21 cm. |
||
| 490 | 0 | _aLibros de cambio | |
| 504 | _aBibliografía: páginas 43-45 | ||
| 505 | 0 | _aLa economía entre la ciencia y el poder -- La relación de la economía con otras ciencias: la agenda -- La estrategia educativa y la universidad en Colombia | |
| 520 | _aEconomía: entre la ciencia y el poder es una reflexión sobre la tarea histórica que tiene la ciencia económica en un mundo globalizado como el actual, donde las acciones de las autoridades a través de su política económica. | ||
| 650 | 1 | 4 |
_aEconomía _95580 |
| 650 | 1 | 4 |
_aEconomistas _95581 |
| 650 | 1 | 4 |
_aEducación superior _95582 |
| 942 |
_2ddc _cBK |
||